Chemical Elements - Statistics

General Stats
  • This quiz has been taken 77 times
  • The average score is 61 of 118
Answer Stats
Atomic Number Symbol Element % Correct
2 He Helium
100%
3 Li Lithium
100%
1 H Hydrogen
98%
4 Be Beryllium
94%
6 C Carbon
92%
12 Mg Magnesium
92%
18 Ar Argon
90%
7 N Nitrogen
90%
13 Al Aluminum
88%
8 O Oxygen
88%
30 Zn Zinc
88%
20 Ca Calcium
85%
29 Cu Copper
85%
5 B Boron
83%
26 Fe Iron
83%
10 Ne Neon
83%
28 Ni Nickel
83%
17 Cl Chlorine
81%
15 P Phosphorus
81%
19 K Potassium
81%
11 Na Sodium
81%
9 F Fluorine
79%
79 Au Gold
79%
16 S Sulfur
79%
22 Ti Titanium
79%
35 Br Bromine
77%
27 Co Cobalt
77%
31 Ga Gallium
77%
14 Si Silicon
77%
54 Xe Xenon
77%
36 Kr Krypton
75%
25 Mn Manganese
73%
32 Ge Germanium
71%
92 U Uranium
71%
47 Ag Silver
69%
24 Cr Chromium
67%
53 I Iodine
67%
21 Sc Scandium
67%
39 Y Yttrium
67%
33 As Arsenic
65%
55 Cs Cesium
65%
82 Pb Lead
65%
34 Se Selenium
65%
56 Ba Barium
63%
80 Hg Mercury
63%
23 V Vanadium
63%
40 Zr Zirconium
63%
37 Rb Rubidium
58%
74 W Tungsten
58%
78 Pt Platinum
56%
48 Cd Cadmium
54%
87 Fr Francium
54%
50 Sn Tin
54%
72 Hf Hafnium
50%
46 Pd Palladium
50%
94 Pu Plutonium
50%
83 Bi Bismuth
48%
49 In Indium
48%
84 Po Polonium
48%
88 Ra Radium
48%
38 Sr Strontium
48%
95 Am Americium
46%
76 Os Osmium
46%
63 Eu Europium
44%
77 Ir Iridium
44%
42 Mo Molybdenum
44%
51 Sb Antimony
42%
93 Np Neptunium
42%
43 Tc Technetium
42%
52 Te Tellurium
42%
99 Es Einsteinium
40%
86 Rn Radon
40%
90 Th Thorium
40%
58 Ce Cerium
38%
45 Rh Rhodium
38%
89 Ac Actinium
35%
57 La Lanthanum
35%
44 Ru Ruthenium
35%
70 Yb Ytterbium
35%
97 Bk Berkelium
33%
66 Dy Dysprosium
33%
67 Ho Holmium
33%
85 At Astatine
31%
98 Cf Californium
31%
100 Fm Fermium
31%
71 Lu Lutetium
31%
65 Tb Terbium
31%
68 Er Erbium
29%
64 Gd Gadolinium
29%
41 Nb Niobium
29%
102 No Nobelium
29%
75 Re Rhenium
29%
10 Md Mendelevium
27%
104 Rf Rutherfordium
27%
62 Sm Samarium
27%
117 Ts Tennessine
27%
81 Tl Thallium
27%
96 Cm Curium
25%
60 Nd Neodymium
25%
118 Og Oganesson
25%
61 Pm Promethium
25%
103 Lr Lawrencium
23%
59 Pr Praseodymium
23%
73 Ta Tantalum
23%
107 Bh Bohrium
19%
105 Db Dubnium
19%
116 Lv Livermorium
19%
113 Nh Nihonium
19%
91 Pa Protactinium
19%
111 Rg Roentgenium
19%
106 Sg Seaborgium
19%
110 Ds Darmstadtium
17%
108 Hs Hassium
17%
109 Mt Meitnerium
17%
69 Tm Thulium
17%
114 Fl Flerovium
15%
115 Mc Moscovium
15%
112 Cn Copernicium
13%
No matching quizzes found
Score Distribution
Percent of People with Each Score
Percentile by Number Answered
Your Score History
You have not taken this quiz